Statistics for Wine Regions of South Africa

Click here to take the quiz!

General Stats

  • This quiz has been taken 19 times
  • The average score is 11 of 15

Answers on the Map

Answers color-coded by a green-red scale on the quiz's map according to % correct below.
 

Answer Stats

Answer% Correct
Coastal Region
100%
Breede River Valley
75%
Cape South Coast
75%
Durbanville
75%
Elim
75%
Hemel-en-Aarde
75%
Paarl
75%
Robertson
75%
Stellenbosch
75%
Swartland
75%
Walker Bay
75%
Western Cape
75%
Worcester
75%
Constantia
50%
Elgin
50%

Score Distribution

Percentile by Number Answered

Percent of People with Each Score

Your Score History

You have not taken this quiz